K-On! Episode Names - Statistics

General Stats
  • This quiz has been taken 25 times
  • The average score is 6 of 41
Answer Stats
Season/Episode No. Episode Name % Correct
S1E12 (Final) Light Music!
71%
S1E1 Disband the Club!
57%
S1E7 Christmas!
29%
S1E11 Crisis!
29%
S2E3 Drummer!
29%
S2E24 (Final) Graduation Ceremony!
29%
S2E11 Hot!
29%
S1E14 (OVA) Live House!
29%
S2E27 (OVA) Plan!
29%
S1E6 School Festival!
29%
S1E13 (Extra) Winter Days!
29%
S1E5 Adviser!
14%
S2E23 After School!
14%
S1E10 Another Training Camp!
14%
S2E8 Career!
14%
S2E2 Clean-up!
14%
S2E4 Field Trip!
14%
S2E21 Graduation Yearbook!
14%
S1E2 Instrument!
14%
S2E17 No Club Room!
14%
S2E6 Rainy Season!
14%
S2E5 Staying Behind!
14%
S2E10 Teacher!
14%
S2E7 Tea Party!
14%
S1E4 Training Camp!
14%
S2E26 (Extra) Visit!
14%
S1E3 Cram Session!
0%
S2E22 Entrance Exams!
0%
S2E9 Finals!
0%
S1E8 Freshman Reception!
0%
S2E13 Late Summer Greeting Card!
0%
S2E18 Leading Role!
0%
S2E15 Marathon Tournament!
0%
S1E9 New Club Member!
0%
S2E25 (Extra) Planning Discussion!
0%
S2E19 Romeo and Juliet!
0%
S2E1 Seniors!
0%
S2E14 Summer Classes!
0%
S2E12 Summer Festival!
0%
S2E16 Upperclassmen!
0%
S2E20 Yet Another School Festival!
0%
No matching quizzes found
Score Distribution
Percent of People with Each Score
Percentile by Number Answered
Your Score History
You have not taken this quiz